|
|
|
|
| LEADER |
00000nam a2200000 i 4500 |
| 001 |
1/2692 |
| 008 |
000511s1999 gre d |
| 020 |
|
|
|a 960-202-172-1
|
| 035 |
|
|
|l 10060530
|
| 040 |
|
|
|a GR-MY-UA
|b gre
|e aacr
|
| 041 |
0 |
|
|a gre
|
| 082 |
0 |
|
|a 779.37
|2 (21)
|
| 100 |
1 |
|
|a Σκουλάς, Ιωάννης Γ.
|
| 245 |
1 |
0 |
|a Φάροι :
|b πέτρα και φως /
|c Γιάννης Σκούλας ; εισαγωγικό κείμενο Χριστόφορος Π. Σακελλαρόπουλος
|
| 260 |
|
|
|a Αθήνα :
|b Αμμος,
|c c1999
|
| 300 |
|
|
|a 239 σ.;
|b εικ.;
|c 33 cm
|
| 650 |
0 |
0 |
|a Lighthouses
|z Greece.
|
| 700 |
1 |
|
|a Σακελλαρόπουλος, Χριστόφορος Π.
|4 aui
|
| 852 |
|
|
|a INST
|b CHIOS
|e 20000511
|h 387.155 ΣΚΟ
|p 005200018964
|q 005200018964
|t BK
|y 0
|
| 852 |
|
|
|a INST
|b LESVOS
|e 20000511
|h 779.37 ΣΚΟ
|p 005100025570
|q 005100025570
|t BK
|y 0
|
| 901 |
|
|
|a BIBL1-2000-2
|
| 901 |
|
|
|a BIBL2-2000-2
|
| 909 |
|
|
|a Λ
|b 072671
|
| 909 |
|
|
|a Χ
|b 073957
|
| 922 |
|
|
|a 1ΕΛΗ
|b 199912
|c ΤΑΚ/ΚΥΒ
|d ΠΑΠΑΣΩΤΗΡΙΟΥ
|
| 922 |
|
|
|a 2ΕΛΗ
|b 200001
|c ΤΔΕ
|d ΠΑΠΑΣΩΤΗΡΙΟΥ
|
| 950 |
|
|
|a 023-1999-12-06
|
| 970 |
|
|
|a ΤΖΑΦΕΡΗ
|b ΕΥΑΓΓΕΛΙΑ
|z 2000/08/09
|
| 970 |
|
|
|z 2000/09/LITSA
|